| 000 | 01418cam a22002533a 4500 | ||
|---|---|---|---|
| 001 | 470 | ||
| 003 | PGUSA | ||
| 005 | 20140828082948.0 | ||
| 008 | 960301s1996||||xxu|||||s|||||000 | eng d | ||
| 040 |
_aPGUSA _beng |
||
| 042 | _adc | ||
| 050 | 4 | _aPR | |
| 100 | 1 |
_aChesterton, G. K. _q(Gilbert Keith), _d1874-1936 |
|
| 245 | 1 | 0 |
_aHeretics _h[electronic resource] / _cG. K. Chesterton |
| 260 |
_bProject Gutenberg, _c1996 |
||
| 505 | 0 | _aIntroductory remarks on the importance of orthodoxy -- On the negative spirit -- On Mr. Rudyard Kipling and making the world small -- Mr. Bernard Shaw -- Mr. H.G. Wells and the giants -- Christmas and the aesthetes -- Omar and the sacred vine -- The mildness of the yellow press -- The moods of Mr. George Moore -- On sandals and simplicity -- Science and the savages -- Paganism and Mr. Lowes Dickinson -- Celts and celtophiles -- On certain modern writers and the institution of the family -- On smart novelists and the smart set -- On Mr. McCabe and a divine frivolity -- On the wit of Whistler -- The fallacy of the young nation -- Slum novelists and the slums -- Concluding remarks on the importance of orthodoxy. | |
| 506 | _aPublic domain in the USA. | ||
| 516 | _aElectronic text | ||
| 653 | _aChesterton, G. K. (Gilbert Keith), 1874-1936 | ||
| 653 | _aApologetics | ||
| 830 | 0 |
_aProject Gutenberg _v470 |
|
| 856 | 4 | 0 | _uhttp://www.gutenberg.org/ebooks/470 |
| 942 | _cEB | ||
| 999 |
_c229821 _d229821 |
||